000
00261nam a2200097Ia 4500
008
230907s9999||||xx |||||||||||||| ||und||
082
_a
363.7363,REC
245
0
_a
Recent trends in modelling of environmental contaminants/
300
_a
xiv, 243 p.:
942
_c
BK
999
_c
597830
_d
597830